| 000 | 01051cam a22003257a 4500 | ||
|---|---|---|---|
| 003 | CHAP | ||
| 005 | 20220817042139.0 | ||
| 008 | 971013s1963 r 00010 d | ||
| 010 | _a36058 | ||
| 011 | _a37030 | ||
| 035 | _a41149 | ||
| 040 | _cCHAP | ||
| 082 |
_a634 _bO7 |
||
| 110 |
_aOrganización Meteorológica Mundial _983552 |
||
| 245 | 1 | 4 | _aThe effect of weather and climate upon the keeping quality of fruit |
| 260 |
_aGeneva : _bOMM, _c1963 |
||
| 300 | _a180 p. | ||
| 490 | 0 |
_aTechnical note _v; 53 |
|
| 590 |
_aBATCH-UPD _b10 _c20130110 _lUCH01 _h1856 |
||
| 590 |
_aCONVERSION _b10 _c20130109 _lUCH01 _h1320 |
||
| 650 | 1 | 4 |
_aAlimentos _xCalidad. |
| 650 | 1 | 4 |
_aFruta _xEfecto del clima. _943608 |
| 700 | 0 |
_aGreen, G. C. _950548 |
|
| 830 | 0 |
_aTechnical note _v; 53 _9111897 |
|
| 901 | _aBK | ||
| 942 | _cLIBRO | ||
| 949 |
_a634 O7 _bBC _cLIBRO _d33724000202156 _eLIBRO _fc.2 _h54369 _i41149 _si |
||
| 949 |
_a634 O7 _bBC _cLIBRO _d33724000202214 _eLIBRO _h54368 _i41149 _si |
||
| 949 |
_a634 O7 _bBC _cLIBRO _d33724000202222 _eLIBRO _fc.3 _h54370 _i41149 _si |
||
| 999 |
_c36058 _d36058 |
||